| 000 | 00452pab a2200169 454500 | ||
|---|---|---|---|
| 008 | 180718b2001 xxu||||| |||| 00| 0 eng d | ||
| 100 | _aGhosh, Chinmoy Kumar | ||
| 245 | _aThe evolution of distance education methodology: from print medium to on-line training | ||
| 260 | _c2001 | ||
| 300 | _ap.6-8 | ||
| 362 | _a1 Jan | ||
| 650 | _aTraining | ||
| 650 | _aEducation | ||
| 650 | _aDistance education | ||
| 773 | _aUniversity News | ||
| 909 | _a47193 | ||
| 999 |
_c47193 _d47193 |
||